000 00746nam a2200193 i 4500
001 180460
003 ES-MaACL
005 20230906221113.0
008 120606s1971 sp |||| | spa d
080 _a547(043.2)
100 1 _aSoler Llado, José.
_9150384
245 1 0 _aEstudio de los compuestos B-dicarbonilicos y de su reacción con derivados de la hidracina /
_cpor José Soler Llado.
260 _aBarcelona :
_bUniversidad de Barcelona, Secretariado de Publicaciones Intercambio Cientifico y Extensión Universitaria,
_c1971.
300 _a18 p. ;
_c24 cm.
502 _aResumen de tesis--Univ. Barcelona.
650 4 _aCompuestos orgánicos.
_9150306
710 2 _aUniversidad de Barcelona.
_97141
852 _aES-MaACL
_jE-15362(53)
999 _c180460
_d180460